[Event "Aragon-chT Preferente A"]
[Site "Aragon"]
[Date "2012.03.24"]
[Round "8.44"]
[White "Navarro Gomez, Melchor"]
[Black "Cervera Jimenez, Javier"]
[Result "1-0"]
[WhiteElo "1493"]
[BlackElo "1878"]
[PlyCount "43"]
[EventDate "2012.02.04"]
[EventType "team"]
[EventRounds "9"]
[EventCountry "ESP"]
[SourceTitle "EXT 2014"]
[Source "ChessBase"]
[SourceDate "2013.11.20"]
[SourceVersion "1"]
[SourceVersionDate "2013.11.20"]
[SourceQuality "1"]
[WhiteTeam "Calatayud"]
[BlackTeam "Olivar II"]
[WhiteTeamCountry "ESP"]
[BlackTeamCountry "ESP"]

1. d4 Nf6 2. Nf3 g6 3. e3 Bg7 4. Nbd2 d5 5. Be2 0-0 6. 0-0 c5 7. dxc5 Nbd7 8. c3 Nxc5 9. b3 Nfe4 10. Nxe4 Nxe4 11. Qc2 Nxc3 12. Bb2 Nxe2+ 13. Qxe2 Bg4 14. Bxg7 Kxg7 15. Qb2+ f6 16. Nd4 Rc8 17. f3 Bd7 18. f4 Qb6 19. Rae1 Qc5 20. f5 Bxf5 21. Rxf5 gxf5 22. Ne6+ 1-0